مكتبة جامعة عجلون الوطنية

فهرس بحث المكتبة

معالم في الفكر الإداري (Record no. 13954)

MARC details
000 -LEADER
fixed length control field 00774nam a2200217Ii 4500
003 - CONTROL NUMBER IDENTIFIER
control field JO-AjNU
008 - FIXED-LENGTH DATA ELEMENTS--GENERAL INFORMATION
fixed length control field 230605s9999||||xx |||||||||||||| ||und||
017 ## - COPYRIGHT OR LEGAL DEPOSIT NUMBER
Copyright or legal deposit number 2008/3/621
020 ## - INTERNATIONAL STANDARD BOOK NUMBER
International Standard Book Number 978-9957-492-20-5
040 ## - CATALOGING SOURCE
Original cataloging agency JO-AjNU
Language of cataloging ara
Description conventions rda
Transcribing agency JO-AjNU
041 ## - LANGUAGE CODE
Language code of text/sound track or separate title ara
050 14 - LIBRARY OF CONGRESS CALL NUMBER
Classification number LB2806.M86 2009
100 3# - MAIN ENTRY--PERSONAL NAME
Personal name تأليف المومني، خالد سليمان أحمد..... وآخرون,
Relator term author
9 (RLIN) 27169
245 00 - TITLE STATEMENT
Title معالم في الفكر الإداري
264 31 - PRODUCTION, PUBLICATION, DISTRIBUTION, MANUFACTURE, AND COPYRIGHT NOTICE
Place of production, publication, distribution, manufacture إربد: دار الكتاب الثقافي، 2009 ؛ إربد: دار المتنبي، 2009
300 ## - PHYSICAL DESCRIPTION
Extent 236ص
336 ## - CONTENT TYPE
Content type term text
Content type code txt
Source rdacontent
337 ## - MEDIA TYPE
Media type term unmediated
Media type code n
Source rdamedia
338 ## - CARRIER TYPE
Carrier type term volume
Carrier type code nc
Source rdacarrier
650 #4 - SUBJECT ADDED ENTRY--TOPICAL TERM
Topical term or geographic name entry element الإدارة - الفكر التربوي
9 (RLIN) 27170
Holdings
Withdrawn status Lost status Source of classification or shelving scheme Damaged status Not for loan Home library Current library Shelving location Date acquired Total Checkouts Full call number Barcode Date last seen Price effective from Koha item type
    Library of Congress Classification     مكتبة جامعة عجلون الوطنية مكتبة جامعة عجلون الوطنية المجموعات العامة 06/06/2023   LB2806.M86 2009 A10386 06/06/2023 06/06/2023 Books